Normal view
MARC view
- American poetry
Entry Topical Term
001 - CONTROL NUMBER
- control field: 15213
003 - CONTROL NUMBER IDENTIFIER
- control field: OSt
005 - DATE AND TIME OF LATEST TRANSACTION
- control field: 20260205120610.0
008 - FIXED-LENGTH DATA ELEMENTS
- fixed length control field: 260205|| aca||aabn | a|a d
040 ## - CATALOGING SOURCE
- Original cataloging agency: OSt
- Transcribing agency: OSt
150 ## - HEADING--TOPICAL TERM
- Topical term or geographic name entry element: American poetry
- Chronological subdivision: 21st century
- Form subdivision: Periodicals
670 ## - SOURCE DATA FOUND
- Source citation: Work cat.: (OSt)6021: Weissberg ,Robert 15211, Public Opinion and Popual Government /, c1976 .